Sudden Death - Gorillaz Songs - Statistics

General Stats
  • This quiz has been taken 398 times
  • The average score is 8 of 15
Answers on the Grid
Answers color-coded by a green-red scale on the quiz's grid according to % correct below.
Infinite Love
Clint Eastwood
Bill Murray
New Gold
Broken Machine
White Gloves
Valley of the Pagans
Human After All
Tranz
Lithium
Last Nite
Glitter Freeze
Last Living Souls
Videotape
Dead Weight
We Got the Power
Lake Zurich
Starshine
Domino Dancing
Zombies
Silent Running
Reality Check
Simplicity
Nightcrawling
Lovesong
NOT ME
Humility
World in My Eyes
DARE
Superfast Jellyfish
 
Answer Stats
Answer % Correct
Clint Eastwood
98%
DARE
79%
New Gold
68%
Tranz
66%
Humility
60%
Last Living Souls
56%
Superfast Jellyfish
56%
Silent Running
45%
Valley of the Pagans
44%
Lake Zurich
40%
We Got the Power
40%
Glitter Freeze
37%
Bill Murray
35%
Starshine
31%
Simplicity
23%
No matching quizzes found
Score Distribution
Percent of People with Each Score
Percentile by Number Answered
Your Score History
You have not taken this quiz